000 00502nam a2200193Ia 4500
003 GCL
008 140319s9999 xx 000 0 eng d
020 _a0395665698
040 _aGCL /
_cGCL
082 0 4 _a823
_bS D
100 1 _aSTONE, ROBERT
245 1 0 _aDAMSCUS GATE /
_cSTONE, ROBERT
260 _aنيويورك :
_bHOUGHTON MIFFLIN COMPANY ،
_c1998
300 _a25 CM ؛
_c500 P
650 0 4 _aLITERATURE
650 0 4 _aAMERICAN FICTION
650 0 4 _aAMERICAN LITERATURE
942 _2ddc
_cBK
999 _c9674
_d9674